<?xml version="1.0" encoding="UTF-8"?>
<collection xmlns="http://www.loc.gov/MARC21/slim">
    <record>
        <controlfield tag="001">100806</controlfield>
        <controlfield tag="005">20210323085011.0</controlfield>
        <datafield tag="037" ind1=" " ind2=" ">
            <subfield code="a">TAZ-TFM-2021-106</subfield>
        </datafield>
        <datafield tag="041" ind1=" " ind2=" ">
            <subfield code="a">spa</subfield>
        </datafield>
        <datafield tag="100" ind1="1" ind2=" ">
            <subfield code="a">Arjol Urchaga, Javier</subfield>
        </datafield>
        <datafield tag="242" ind1="0" ind2="0">
            <subfield code="a">Financial assets impairment under NIIF 9. Main impacts in banks.</subfield>
        </datafield>
        <datafield tag="245" ind1="0" ind2="0">
            <subfield code="a">Deterioro de activos financieros en la NIIF 9. Principales impactos en las entidades financieras.</subfield>
        </datafield>
        <datafield tag="260" ind1=" " ind2=" ">
            <subfield code="a">Zaragoza</subfield>
            <subfield code="b">Universidad de Zaragoza</subfield>
            <subfield code="c">2021</subfield>
        </datafield>
        <datafield tag="506" ind1=" " ind2=" ">
            <subfield code="a">by-nc-sa</subfield>
            <subfield code="b">Creative Commons</subfield>
            <subfield code="c">3.0</subfield>
            <subfield code="u">http://creativecommons.org/licenses/by-nc-sa/3.0/</subfield>
        </datafield>
        <datafield tag="520" ind1=" " ind2=" ">
            <subfield code="a">Tras un largo proceso de revisión, el International Accounting Standards Board (IASB) sustituyó la norma que regulaba el tratamiento contable de los instrumentos financieros, la NIC 39 por la NIIF 9 que entró en vigor en el ejercicio 2018. &lt;br />Uno de los principales objetivos de la NIIF 9 es revisar los modelos de deterioro de activos financieros que se venían aplicando con la NIC 39 para tratar de identificar cualquier indicio de deterioro mediante la utilización de análisis cualitativos y cuantitativos de los activos financieros y del entorno. Otro objetivo es la clasificación y valoración de los activos financieros en función de sus características y finalidades.&lt;br />En nuestro trabajo hemos pretendido, en primer lugar, analizar los cambios introducidos por la NIIF 9 agrupándolos en tres partes: el efecto de los nuevos modelos de clasificación y valoración de los activos financieros, la implantación de un nuevo modelo de deterioro de activos financieros y su impacto en el CET 1 de las entidades financieras.&lt;br />Para ello, hemos tomado como referencia los estudios llevados a cabo por la European Banking Authority (EBA) en los años 2016, 2017 y 2018. En primer lugar, en el año 2016, analizó la implementación de la NIIF 9 en su fase inicial. En el ejercicio 2017 se realizó un nuevo análisis de la implementación de la NIIF 9 con una mayor información disponible. Por último, en el ejercicio 2018 se analizaron los resultados obtenidos por una muestra de entidades financieras europeas después de la implementación de la NIIF 9.&lt;br />Por último, hemos analizado el impacto de la entrada en vigor de la NIIF 9 en las cuentas anuales de tres entidades financieras españolas (Santander, BBVA y Caixabank), comparando los resultados de nuestro análisis con las conclusiones que la EBA mostró en sus informes, con las que detectamos importantes coincidencias&lt;br />&lt;br />&lt;br /></subfield>
        </datafield>
        <datafield tag="521" ind1=" " ind2=" ">
            <subfield code="a">Máster Universitario en Auditoría</subfield>
        </datafield>
        <datafield tag="540" ind1=" " ind2=" ">
            <subfield code="a">Derechos regulados por licencia Creative Commons</subfield>
        </datafield>
        <datafield tag="700" ind1=" " ind2=" ">
            <subfield code="a">Costa Toda, Alicia</subfield>
            <subfield code="e">dir.</subfield>
        </datafield>
        <datafield tag="710" ind1="2" ind2=" ">
            <subfield code="a">Universidad de Zaragoza</subfield>
            <subfield code="b"> </subfield>
            <subfield code="c"></subfield>
        </datafield>
        <datafield tag="856" ind1="0" ind2=" ">
            <subfield code="f">683345@unizar.es</subfield>
        </datafield>
        <datafield tag="856" ind1="4" ind2=" ">
            <subfield code="s">961103</subfield>
            <subfield code="u">http://zaguan.unizar.es/record/100806/files/TAZ-TFM-2021-106.pdf</subfield>
            <subfield code="y">Memoria (spa)</subfield>
        </datafield>
        <datafield tag="909" ind1="C" ind2="O">
            <subfield code="o">oai:zaguan.unizar.es:100806</subfield>
            <subfield code="p">driver</subfield>
            <subfield code="p">trabajos-fin-master</subfield>
        </datafield>
        <datafield tag="950" ind1=" " ind2=" ">
            <subfield code="a"></subfield>
        </datafield>
        <datafield tag="951" ind1=" " ind2=" ">
            <subfield code="a">deposita:2021-03-23</subfield>
        </datafield>
        <datafield tag="980" ind1=" " ind2=" ">
            <subfield code="a">TAZ</subfield>
            <subfield code="b">TFM</subfield>
            <subfield code="c">ECON</subfield>
        </datafield>
        <datafield tag="999" ind1=" " ind2=" ">
            <subfield code="a">20210226182604.CREATION_DATE</subfield>
        </datafield>
    </record>

    
</collection>